ბათუმის შოთა რუსთაველის სახელმწიფო უნივერსიტეტის ბიბლიოთეკა

ჩანაწერი Personal Name

ჩანაწერთა რაოდენობა, რომელიც გამოყენებულია: 1

001 - CONTROL NUMBER

  • control field: 15005

003 - CONTROL NUMBER IDENTIFIER

  • control field: GE_BSU

005 - DATE AND TIME OF LATEST TRANSACTION

  • control field: 20221004115527.0

008 - FIXED-LENGTH DATA ELEMENTS

  • fixed length control field: 221004|| aca||aabn | a|a d

040 ## - CATALOGING SOURCE

  • Original cataloging agency: GE_BSU
  • Transcribing agency: GE_BSU

100 ## - HEADING--PERSONAL NAME

  • Personal name: იდეის ავტ. და რედ. მიხეილ მახარაძე.

670 ## - SOURCE DATA FOUND

  • Source citation: Work cat.: (GE_BSU)41337: ქართული ფილოსოფიური აზრის ისტორია: